000
00288nam a22001337a 4500
003
SGT
082
_a
347.013 095 4,MOH
100
_a
MOHAN, ARUN
245
_a
JUSTICE COURTS AND DELAYS
260
_a
NEW DELHI
_b
UNIVERSAL
_c
2009
300
_a
992
650
_a
LAW BOOKS
942
_2
ddc
_c
BK
999
_c
10295
_d
10295